High-speed computing devices /
Guardado en:
| Autor Corporativo: | |
|---|---|
| Otros Autores: | |
| Formato: | Libro |
| Idioma: | English |
| Publicado: |
New York :
McGraw-Hill,
1950.
|
| Etiquetas: |
Agregar Etiqueta
Sin Etiquetas, Sea el primero en etiquetar este registro!
|
| LEADER | 00833nam a22001815a 4500 | ||
|---|---|---|---|
| 001 | MAT.inmabb000456 | ||
| 008 | 031210s1950####nyu######b####001#0#eng#d | ||
| 005 | 20110303171152.0 | ||
| 245 | 1 | 0 | |a High-speed computing devices / |c by the staff of Engineering Research Associates, Inc. ; supervised by C.B. Tompkins and J.H. Wakelin ; edited by W.W. Stifler, Jr. |
| 260 | |a New York : |b McGraw-Hill, |c 1950. | ||
| 300 | |a xi, 451 p. ; |c cm. | ||
| 500 | |a "Contents of this volume were first assembled in the form of a report to the Office of Naval Research, prepared under a provision of contract N6-ONR-240, Task 1." | ||
| 504 | |a Incluye referencias bibliográficas. | ||
| 110 | 2 | |a Engineering Research Associates. | |
| 700 | 1 | |a Tompkins, Charles Brown, |d 1912- | |
| 084 | |a 68 |2 msc2000 | ||
| 010 | |a 50013719 | ||
| 859 | |h 68 |i En57 |p A-225 |b BIB. MATEMATICA | ||
